000 00267nam a2200097Ia 4500
005 20250424112833.0
008 250424s9999 xx 000 0 und d
300 _a64 p. : ill. ; 27 cm.
650 _aFinance--Periodicals Finance--Great Britain--periodicals
942 _cSR
999 _c37416
_d37416